Top 20 des meilleurs championnats de football – 2025 - Statistiques

Statistiques générales
  • Ce quiz a été pris 141 fois
  • Le résultat moyen est 7 sur 20
Statistiques - réponses
Rang Championnat % Correct
5 Ligue 1
99%
2 LaLiga
96%
3 Serie A
89%
4 Bundesliga
88%
1 Premier League
86%
9 Eredivisie
36%
10 Major Soccer League
34%
7 Liga Portugal
32%
15 Jupiler Pro League
29%
12 Süper Lig
24%
11 Saudi Pro League
19%
20 Super League
15%
6 Brasileirão Série A
8%
8 Argentine Primera División
5%
16 Liga MX
5%
19 Scottish Premiership
5%
18 Chinese Super League
2%
13 J1 League
1%
17 Liga AUF Uruguaya
1%
14 Russian Premier League
1%
Aucun quiz correspondant
Distribution des résultats
% des personnes avec chaque résultat
Percentile par nombre de réponses
Votre historique - résultats
Vous n’avez pas pris ce quiz